Digital and microprocessor fundamentals Theory and applications

Saved in:
Bibliographic Details
Main Author: KleitzlhWilliam
Format: Book
Published: New JerseylbPrentice-halllc2000
Edition:3rd ed
Tags: Add Tag
No Tags, Be the first to tag this record!
Call Number :TK 7868.D5 K54 2000

MARC

LEADER 00000pam a2200000 4500
001 8927
003 MY-KLNDU
005 20241218052823.0
020 0 0 |a 0130833428 
035 |a 0000010693 
039 9 |y 200910081500  |z VLOAD 
090 0 0 |a TK 7868.D5  |b K54 2000 
100 1 0 |a KleitzlhWilliam 
245 1 0 |a Digital and microprocessor fundamentals  |b Theory and applications  |c William Kleitz 
250 0 0 |a 3rd ed 
260 0 0 |a New JerseylbPrentice-halllc2000 
300 |a xiii, 590p  |b ill  |c 29cm 
500 0 0 |a Includes bibliographical references and index 
999 |a vtls000008682  |c 8927  |d 8927